100 Biggest Cities in Uzbekistan - Statistics

General Stats
  • This quiz has been taken 268 times
  • The average score is 12 of 100
Answers on the Map
Answers color-coded by a green-red scale on the quiz's map according to % correct below.
 
Answer Stats
Rank City Population % Correct
1 Tashkent 1,978,028
100%
3 Samarqand 319,366
85%
5 Buxoro 247,644
64%
10 Farg`ona 164,322
62%
6 Nukus 230,006
51%
2 Namangan 432,456
49%
4 Andijon 318,419
47%
28 Khiwa 55,567
45%
8 Qo‘qon 187,477
42%
12 Urganch 150,110
41%
13 Tirmiz 140,385
38%
11 Jizzax 152,642
37%
15 Navoiy 129,725
37%
7 Qarshi 222,898
37%
14 Marg‘ilon 133,490
29%
26 Shahrisabz 57,051
24%
16 Angren 126,957
22%
29 Guliston 53,373
18%
9 Chirchiq 167,842
15%
17 Olmaliq 121,207
15%
19 Denov 68,994
13%
27 Asaka 56,736
12%
18 Bekobod 86,259
12%
20 Chust Shahri 64,966
12%
39 Parkent 35,973
12%
78 Pop 22,122
12%
22 Yangiyŭl 60,000
10%
86 Bŭka 19,642
9%
24 Kattaqo’rg’on 59,382
9%
68 Boysun 25,050
8%
37 Ghijduwon 41,070
8%
36 Kitob 41,938
8%
58 Sirdaryo 26,816
8%
34 Urgut 47,373
8%
75 G‘azalkent 24,700
6%
21 Kogon 62,620
6%
48 Muborak 29,180
6%
33 Novyy Turtkul’ 48,908
6%
42 Quva 33,167
6%
76 Chinoz 24,553
5%
23 Koson 59,681
5%
51 Piskent 27,865
5%
93 Wobkent 16,697
5%
30 Beruniy 50,929
4%
79 Beshariq 21,984
4%
87 Chiroqchi 19,356
4%
35 Kosonsoy 43,684
4%
45 Manghit 30,854
4%
40 Ohangaron 35,516
4%
44 Quvasoy 32,024
4%
62 Salor 26,494
4%
61 Shofirkon 26,527
4%
70 Sho’rchi 24,900
4%
83 Yaypan 20,332
4%
56 Zomin 27,077
4%
59 Bulung’ur 26,815
3%
95 Galaosiyo 15,620
3%
67 G’uzor 25,368
3%
64 Haqqulobod 26,257
3%
88 Hazorasp 17,643
3%
97 Jomboy 14,429
3%
84 Juma 19,920
3%
77 Karakul’ 22,487
3%
96 Marhamat 14,646
3%
47 Nurota 29,403
3%
66 Oltiariq 25,543
3%
53 Qibray 27,750
3%
57 Showot 26,950
3%
81 Tŭytepa 20,682
3%
69 Yangirabot 25,027
3%
63 Bektemir 26,380
1%
89 Beshkent 17,010
1%
92 Chelak 16,727
1%
32 Chortoq 49,844
1%
85 Dashtobod 19,718
1%
94 Dŭstlik 16,524
1%
72 Gagarin 24,856
1%
55 Gurlan 27,506
1%
54 Iskandar 27,636
1%
98 Kegeyli Shahar 14,147
1%
91 Khŭjaobod 16,889
1%
31 Khŭjayli 50,000
1%
82 Kirgili 20,459
1%
25 Oltinko’l 59,122
1%
38 Oqtosh 38,307
1%
80 Paxtakor 21,384
1%
74 Payshanba 24,772
1%
65 Qŭrghontepa 25,861
1%
90 Qŭshkŭpir 16,948
1%
49 Toshbuloq 28,562
1%
60 Toshloq 26,686
1%
52 Tŭragŭrghon 27,862
1%
41 Uchqŭrghon 33,323
1%
100 Ŭrtaowul 14,047
1%
46 Uychi 29,683
1%
99 Yangi Marg‘ilon 14,114
1%
71 Yangiobod 24,900
1%
50 Yangiqo‘rg‘on 28,422
1%
43 Yangiyer 32,636
1%
73 Zafar 24,781
1%
No matching quizzes found
Score Distribution
Percent of People with Each Score
Percentile by Number Answered
Your Score History
You have not taken this quiz